00522 2200205 4500001002100000008004100021035002000062245007400082100001700156250000600173260004200179300001100221084001400232082000800246650001400254990001200268990001200280990001200292990001200304INLIS000000000000491 ind  a0010-0424000467 aMengukur Dengan Alat Ukur Pembanding dan Alat Ukur DasarcAdi Bawanto aBawanto, Adi a1 aKlaten :bSaka Mitra Kompetensic2011 a68 hlm a600 ADI m a600 aNon Fiksi a0721984 a0721985 a0721986 a0721987